000 00525nam a2200217Ia 4500
003 OSt
005 20230227160430.0
008 210707s1999 xx 000 0 und d
040 _cAL
041 _aeng
082 _a311/81 GUPS
100 _aGUPTA (S P)
_973557
245 _aStatistical methods.
250 _a18
260 _aND
_bSultan Chand & Sons
_c1999
300 _axxiii,.... p
563 _aPB
650 _aMathematical Statistics
_973558
650 _aMathematical Statistics
_973558
942 _2ddc
_cBB
999 _c180236
_d180236